[Event "II Magistral Blitz Quart"]
[Site "Quart de Poblet, Spain"]
[Date "2019.08.08"]
[Round "5.3"]
[White "Galvan Cipriani, Viviana"]
[Black "Lara Lopez, Jose"]
[Result "0-1"]
[WhiteElo "2015"]
[BlackElo "2271"]
[PlyCount "74"]
[EventDate "2019.??.??"]

1. c4 {[%clk 00:07:04]  [%emt 00:00:23]} 1... e5 {[%clk 00:07:04]} 2. Nc3 {
[%clk 00:07:06]} 2... Nc6 {[%clk 00:07:06]} 3. g3 {[%clk 00:07:07]} 3... Nf6 {
[%clk 00:07:08]} 4. Bg2 {[%clk 00:07:07]} 4... Bb4 {[%clk 00:07:09]} 5. Nd5 {
[%clk 00:07:03]  [%emt 00:00:03]} 5... Bc5 {[%clk 00:07:08]  [%emt 00:00:04]}
6. a3 {[%clk 00:06:54]  [%emt 00:00:09]} 6... a5 {
[%clk 00:07:00]  [%emt 00:00:10]} 7. e3 {[%clk 00:06:56]  [%emt 00:00:34]} 7...
O-O {[%clk 00:06:41]  [%emt 00:00:04]} 8. Ne2 {[%clk 00:06:55]} 8... d6 {
[%clk 00:06:33]  [%emt 00:00:03]} 9. d4 {[%clk 00:06:45]  [%emt 00:00:13]} 9...
Ba7 {[%clk 00:06:14]  [%emt 00:00:18]} 10. O-O {
[%clk 00:06:43]  [%emt 00:00:19]} 10... Bg4 {[%clk 00:05:56]  [%emt 00:00:15]}
11. Nxf6+ {[%clk 00:06:33]  [%emt 00:00:13]} 11... Qxf6 {
[%clk 00:05:54]  [%emt 00:00:03]} 12. d5 {[%clk 00:06:35]} 12... Nb8 {
[%clk 00:05:02]  [%emt 00:01:19]} 13. b4 {[%clk 00:06:18]} 13... Nd7 {
[%clk 00:04:40]  [%emt 00:00:18]} 14. Bb2 {[%clk 00:06:13]  [%emt 00:00:39]}
14... Qe7 {[%clk 00:04:10]  [%emt 00:00:04]} 15. h3 {
[%clk 00:05:29]  [%emt 00:00:46]} 15... Bh5 {[%clk 00:04:07]  [%emt 00:00:24]}
16. g4 {[%clk 00:04:41]  [%emt 00:00:32]} 16... Bg6 {
[%clk 00:04:08]  [%emt 00:00:10]} 17. e4 {[%clk 00:04:03]  [%emt 00:00:33]}
17... h5 {[%clk 00:03:56]  [%emt 00:00:15]} 18. Ng3 {
[%clk 00:04:01]  [%emt 00:00:30]} 18... hxg4 {[%clk 00:03:46]  [%emt 00:00:14]}
19. Qxg4 {[%clk 00:03:21]  [%emt 00:00:19]} 19... Nf6 {
[%clk 00:03:38]  [%emt 00:00:24]} 20. Qe2 {[%clk 00:03:23]} 20... Nh7 {
[%clk 00:03:28]  [%emt 00:00:04]} 21. Kh2 {[%clk 00:02:20]  [%emt 00:01:03]}
21... Qh4 {[%clk 00:02:45]  [%emt 00:00:49]} 22. Qg4 {
[%clk 00:01:32]  [%emt 00:00:46]} 22... Qxg4 {[%clk 00:02:28]  [%emt 00:00:25]}
23. hxg4 {[%clk 00:01:32]} 23... Nf6 {[%clk 00:02:25]  [%emt 00:00:15]} 24. Kh3
{[%clk 00:01:14]  [%emt 00:00:09]} 24... Rfc8 {[%clk 00:02:10]  [%emt 00:00:19]
} 25. f4 {[%clk 00:00:39]  [%emt 00:00:46]} 25... exf4 {
[%clk 00:01:55]  [%emt 00:00:19]} 26. Rxf4 {[%clk 00:00:39]} 26... Nd7 {
[%clk 00:01:38]  [%emt 00:00:13]} 27. Nf5 {[%clk 00:00:39]} 27... Re8 {
[%clk 00:01:37]  [%emt 00:00:13]} 28. Nxg7 {[%emt 00:00:32]} 28... Rf8 {
[%clk 00:00:39]  [%emt 00:00:38]} 29. Nf5 {[%clk 00:00:21]  [%emt 00:00:09]}
29... Ne5 {[%clk 00:00:14]  [%emt 00:00:28]} 30. Ne7+ {
[%clk 00:00:06]  [%emt 00:00:18]} 30... Kg7 {[%clk 00:00:14]  [%emt 00:00:33]}
31. Bxe5+ {[%clk 00:00:05]} 31... dxe5 {[%clk 00:00:16]  [%emt 00:00:11]} 32.
Rf3 {[%clk 00:00:05]} 32... Bd4 {[%clk 00:00:12]} 33. Rb1 {[%clk 00:00:06]}
33... axb4 {[%clk 00:00:13]} 34. axb4 {[%clk 00:00:07]} 34... Ra2 {
[%clk 00:00:15]} 35. Kg3 {[%clk 00:00:06]} 35... Bxe4 {
[%clk 00:00:17]  [%emt 00:00:08]} 36. Nf5+ {[%clk 00:00:07]} 36... Kg6 {
[%clk 00:00:08]} 37. Nh4+ {[%clk 00:00:05]} 37... Kh7 {
[%clk 00:00:09]  [%emt 00:00:04]  Bandera} 0-1

[Event "II Magistral Blitz Quart"]
[Site "Quart de Poblet, Spain"]
[Date "2019.08.08"]
[Round "5.4"]
[White "Galvan, Jesus"]
[Black "Hassomal Daswani, Birjkumar"]
[Result "1-0"]
[WhiteElo "2200"]
[BlackElo "1971"]
[PlyCount "81"]
[EventDate "2019.??.??"]

1. d4 {[%clk 00:07:05]} 1... c5 {[%clk 00:07:05]} 2. d5 {[%clk 00:07:07]} 2...
e5 {[%clk 00:07:07]} 3. e4 {[%clk 00:07:09]} 3... d6 {[%clk 00:07:09]} 4. Nc3 {
[%clk 00:07:07]  [%emt 00:00:04]} 4... Nf6 {[%clk 00:07:11]  [%emt 00:00:04]}
5. Nge2 {[%clk 00:07:07]  [%emt 00:00:03]} 5... Be7 {[%clk 00:07:12]} 6. h3 {
[%clk 00:07:07]  [%emt 00:00:08]} 6... a6 {[%clk 00:07:08]  [%emt 00:00:04]} 7.
a4 {[%clk 00:07:09]} 7... Nbd7 {[%clk 00:07:10]} 8. g4 {[%clk 00:07:12]} 8...
Nf8 {[%clk 00:07:06]  [%emt 00:00:15]} 9. Ng3 {[%clk 00:07:14]} 9... h5 {
[%clk 00:06:52]  [%emt 00:00:16]} 10. g5 {[%clk 00:07:14]} 10... h4 {
[%clk 00:06:22]  [%emt 00:01:04]} 11. gxf6 {[%clk 00:07:12]} 11... hxg3 {
[%clk 00:06:23]} 12. fxe7 {[%clk 00:07:12]} 12... gxf2+ {[%clk 00:06:24]} 13.
Kxf2 {[%clk 00:07:06]  [%emt 00:00:03]} 13... Qxe7 {[%clk 00:06:26]} 14. Qf3 {
[%clk 00:06:30]  [%emt 00:00:21]} 14... Bd7 {[%clk 00:06:22]  [%emt 00:00:19]}
15. Be3 {[%clk 00:06:26]} 15... Ng6 {[%clk 00:06:15]  [%emt 00:00:05]} 16. Qg3
{[%clk 00:06:02]  [%emt 00:00:26]} 16... O-O-O {
[%clk 00:05:31]  [%emt 00:01:02]} 17. Be2 {[%clk 00:05:44]  [%emt 00:00:13]}
17... Nh4 {[%clk 00:05:26]  [%emt 00:00:15]} 18. Bg5 {[%emt 00:00:16]} 18... f6
19. Bxh4 {[%clk 00:05:23]  [%emt 00:00:03]} 19... g5 {[%clk 00:05:35]} 20. Bg4
{[%clk 00:05:20]  [%emt 00:00:07]} 20... Rxh4 {[%clk 00:05:28]  [%emt 00:00:08]
} 21. Raf1 {[%clk 00:04:36]  [%emt 00:00:45]} 21... Rdh8 {
[%clk 00:05:29]  [%emt 00:00:11]} 22. Kg2 {[%clk 00:04:03]  [%emt 00:00:27]}
22... Kc7 {[%clk 00:05:14]  [%emt 00:00:18]} 23. Bf5 {
[%clk 00:03:21]  [%emt 00:00:45]} 23... Be8 {[%clk 00:04:50]  [%emt 00:00:26]}
24. a5 {[%clk 00:03:18]  [%emt 00:00:06]} 24... R8h6 {
[%clk 00:04:39]  [%emt 00:00:54]} 25. Nd1 {[%clk 00:03:13]} 25... Bb5 {
[%clk 00:04:34]} 26. Re1 {[%clk 00:03:10]} 26... Bd7 {[%clk 00:04:22]} 27. Bxd7
{[%clk 00:02:32]  [%emt 00:00:39]} 27... Qxd7 {[%clk 00:04:19]  [%emt 00:00:25]
} 28. Nf2 {[%clk 00:02:34]} 28... f5 {[%clk 00:03:30]  [%emt 00:00:32]} 29.
exf5 {[%clk 00:02:26]  [%emt 00:00:37]} 29... Qxf5 {[%clk 00:03:29]} 30. Ng4 {
[%clk 00:02:29]} 30... Qxc2+ {[%clk 00:03:23]} 31. Qf2 {[%clk 00:02:30]} 31...
Qd3 {[%clk 00:02:57]  [%emt 00:00:21]} 32. Qf7+ {
[%clk 00:02:15]  [%emt 00:00:15]} 32... Kb8 {[%clk 00:02:58]  [%emt 00:00:09]}
33. Nxh6 {[%clk 00:02:16]  [%emt 00:00:07]} 33... Qd2+ {
[%clk 00:02:52]  [%emt 00:00:08]} 34. Qf2 {[%clk 00:02:12]} 34... Qxd5+ {
[%clk 00:02:54]} 35. Qf3 {[%clk 00:02:14]} 35... Qd2+ {[%clk 00:02:55]} 36. Re2
{[%clk 00:02:12]  [%emt 00:00:11]} 36... Qxa5 {[%clk 00:02:51]  [%emt 00:00:09]
} 37. Rd1 {[%clk 00:01:48]  [%emt 00:00:20]} 37... Rf4 {
[%clk 00:02:28]  [%emt 00:00:38]} 38. Qd5 {[%clk 00:01:50]} 38... Qb5 {
[%clk 00:02:15]  [%emt 00:00:06]} 39. Qxd6+ {[%emt 00:00:28]} 39... Ka7 {
[%clk 00:02:16]} 40. Rxe5 {[%clk 00:00:50]  [%emt 00:00:39]} 40... Qxb2+ {
[%clk 00:02:13]  [%emt 00:00:16]} 41. Rd2 {[%emt 00:00:32]} 1-0

[Event "II Magistral Blitz Quart"]
[Site "Quart de Poblet, Spain"]
[Date "2019.08.08"]
[Round "5.5"]
[White "Ordonez Carrasco, Jorge"]
[Black "Redondo Flores, David"]
[Result "1-0"]
[WhiteElo "1559"]
[BlackElo "2009"]
[PlyCount "112"]
[EventDate "2019.??.??"]

1. e4 {[%clk 00:07:04]} 1... c5 {[%clk 00:07:05]} 2. Nf3 {[%clk 00:07:04]} 2...
d6 {[%clk 00:07:06]} 3. d4 {[%clk 00:07:03]  [%emt 00:00:27]} 3... cxd4 {
[%clk 00:07:08]} 4. Nxd4 {[%clk 00:07:04]} 4... Nf6 {[%clk 00:07:10]} 5. Nc3 {
[%clk 00:07:05]} 5... a6 {[%clk 00:07:13]} 6. f3 {[%clk 00:06:56]} 6... Qb6 {
[%clk 00:07:06]  [%emt 00:00:13]} 7. Bc4 {[%clk 00:06:35]  [%emt 00:00:17]}
7... e6 {[%clk 00:07:02]  [%emt 00:00:08]} 8. a4 {
[%clk 00:06:09]  [%emt 00:00:37]} 8... Nc6 {[%clk 00:06:57]} 9. Nxc6 {
[%clk 00:05:40]  [%emt 00:00:28]} 9... Qxc6 {[%clk 00:06:38]  [%emt 00:00:25]}
10. Bb3 {[%clk 00:05:30]  [%emt 00:00:11]} 10... Be7 {
[%clk 00:06:26]  [%emt 00:00:15]} 11. Be3 {[%clk 00:05:13]  [%emt 00:00:19]}
11... O-O {[%clk 00:06:19]  [%emt 00:00:23]} 12. O-O {
[%clk 00:05:07]  [%emt 00:00:03]} 12... b6 {[%clk 00:06:18]} 13. Qd4 {
[%clk 00:04:53]  [%emt 00:00:21]} 13... Nd7 {[%clk 00:05:56]  [%emt 00:00:39]}
14. Rfd1 {[%clk 00:03:57]  [%emt 00:00:42]} 14... Nc5 {
[%clk 00:05:20]  [%emt 00:00:36]} 15. Bc4 {[%clk 00:03:39]  [%emt 00:00:26]}
15... Bb7 {[%clk 00:05:07]  [%emt 00:00:13]} 16. b4 {
[%clk 00:03:18]  [%emt 00:00:21]} 16... Nd7 {[%clk 00:04:57]  [%emt 00:00:21]}
17. b5 {[%clk 00:03:12]  [%emt 00:00:03]} 17... Qc5 {
[%clk 00:04:13]  [%emt 00:00:45]} 18. Qxc5 {[%clk 00:03:11]  [%emt 00:00:23]}
18... Nxc5 {[%clk 00:04:05]} 19. Bxc5 {[%clk 00:03:10]  [%emt 00:00:15]} 19...
bxc5 {[%clk 00:04:05]} 20. b6 {[%clk 00:02:59]  [%emt 00:00:03]} 20... Bf6 {
[%clk 00:03:49]  [%emt 00:00:22]} 21. Ra3 {[%clk 00:02:44]  [%emt 00:00:12]}
21... Bd4+ {[%clk 00:03:51]  [%emt 00:00:03]} 22. Kf1 {
[%clk 00:02:43]  [%emt 00:00:03]} 22... Rad8 {[%clk 00:03:43]  [%emt 00:00:11]}
23. Ne2 {[%clk 00:02:36]  [%emt 00:00:06]} 23... Bf6 {
[%clk 00:03:40]  [%emt 00:00:25]} 24. Rad3 {[%clk 00:02:26]  [%emt 00:00:08]}
24... Rd7 {[%clk 00:03:11]  [%emt 00:00:18]} 25. Rxd6 {
[%clk 00:01:58]  [%emt 00:00:31]} 25... Rxd6 {[%clk 00:02:24]  [%emt 00:01:07]}
26. Rxd6 {[%clk 00:01:59]} 26... Rb8 {[%clk 00:02:08]  [%emt 00:00:14]} 27. Nc1
{[%clk 00:01:27]  [%emt 00:00:25]} 27... Be5 {[%clk 00:02:07]  [%emt 00:00:08]}
28. Rd1 {[%clk 00:01:20]  [%emt 00:00:05]} 28... Bxh2 {
[%clk 00:02:05]  [%emt 00:00:09]} 29. Nb3 {[%clk 00:01:16]  [%emt 00:00:07]}
29... Bc6 {[%clk 00:01:35]  [%emt 00:00:30]} 30. Nxc5 {
[%clk 00:01:09]  [%emt 00:00:22]} 30... Kf8 {[%clk 00:01:22]  [%emt 00:00:07]}
31. a5 {[%clk 00:01:05]  [%emt 00:00:07]} 31... Ke8 {
[%clk 00:00:42]  [%emt 00:00:39]} 32. Nxa6 {[%clk 00:01:01]  [%emt 00:00:21]}
32... Ra8 {[%clk 00:00:33]  [%emt 00:00:03]} 33. Nc7+ {
[%clk 00:00:59]  [%emt 00:00:07]} 33... Bxc7 {[%clk 00:00:34]} 34. bxc7 {
[%clk 00:01:01]} 34... Rc8 {[%clk 00:00:34]  [%emt 00:00:09]} 35. Rd6 {
[%clk 00:00:43]  [%emt 00:00:09]} 35... Rxc7 {[%clk 00:00:34]  [%emt 00:00:17]}
36. a6 {[%clk 00:00:36]  [%emt 00:00:12]} 36... Ke7 {[%clk 00:00:34]} 37. Rd4 {
[%clk 00:00:34]} 37... e5 {[%clk 00:00:34]} 38. Rd3 {
[%clk 00:00:25]  [%emt 00:00:11]} 38... f6 {[%clk 00:00:30]  [%emt 00:00:10]}
39. Ra3 {[%clk 00:00:14]  [%emt 00:00:10]} 39... Ra7 {[%clk 00:00:33]} 40. Ke2
{[%clk 00:00:14]  [%emt 00:00:25]} 40... Kd6 {[%clk 00:00:33]} 41. Kd3 {
[%clk 00:00:16]} 41... Kc5 {[%clk 00:00:20]  [%emt 00:00:06]} 42. Kc3 {
[%clk 00:00:17]} 42... h5 {[%clk 00:00:18]  [%emt 00:00:03]} 43. Ra5+ {
[%clk 00:00:17]} 43... Kb6 {[%clk 00:00:19]  [%emt 00:00:03]} 44. Ra1 {
[%clk 00:00:16]  [%emt 00:00:13]} 44... g5 {[%clk 00:00:20]} 45. g3 {
[%clk 00:00:15]} 45... Rc7 {[%clk 00:00:22]} 46. Kd3 {
[%clk 00:00:14]  [%emt 00:00:03]} 46... Rd7+ {[%clk 00:00:23]} 47. Kc3 {
[%clk 00:00:16]} 47... Rc7 {[%clk 00:00:25]  [%emt 00:00:04]} 48. Kd3 {
[%clk 00:00:10]  [%emt 00:00:05]} 48... Ra7 {[%clk 00:00:22]  [%emt 00:00:15]}
49. c3 {[%clk 00:00:07]  [%emt 00:00:12]} 49... Rd7+ {[%clk 00:00:20]} 50. Kc2
{[%clk 00:00:09]} 50... Ra7 {[%clk 00:00:20]} 51. Kd3 {[%clk 00:00:11]} 51...
Rd7+ {[%clk 00:00:15]  [%emt 00:00:14]} 52. Kc2 {[%clk 00:00:13]} 52... Ra7 {
[%clk 00:00:14]} 53. Rb1+ {[%clk 00:00:15]} 53... Kc5 {[%clk 00:00:14]} 54. Be2
{[%clk 00:00:13]  [%emt 00:00:09]} 54... Bd7 {[%clk 00:00:10]  [%emt 00:00:04]}
55. Rb7 {[%clk 00:00:12]  [%emt 00:00:06]} 55... Ba4+ {
[%clk 00:00:08]  [%emt 00:00:03]} 56. Kb2 {[%emt 00:00:08]} 56... Ra8 {
[%emt 00:00:08]  Bandera} 1-0

[Event "II Magistral Blitz Quart"]
[Site "Quart de Poblet, Spain"]
[Date "2019.08.08"]
[Round "6.1"]
[White "Kovacevic, Slobodan"]
[Black "Redondo Flores, David"]
[Result "1-0"]
[WhiteElo "2395"]
[BlackElo "2009"]
[PlyCount "107"]
[EventDate "2019.??.??"]

1. d4 {[%clk 00:07:04]  [%emt 00:00:07]} 1... d6 {[%clk 00:07:05]} 2. Nf3 {
[%clk 00:06:58]  [%emt 00:00:09]} 2... g6 {[%clk 00:07:07]} 3. e4 {
[%clk 00:06:57]  [%emt 00:00:21]} 3... Bg7 {[%clk 00:07:06]} 4. c3 {
[%clk 00:06:59]} 4... Nc6 {[%clk 00:06:59]  [%emt 00:00:04]} 5. Bb5 {
[%clk 00:06:59]} 5... a6 {[%clk 00:06:44]  [%emt 00:00:19]} 6. Bxc6+ {
[%clk 00:06:59]} 6... bxc6 {[%clk 00:06:45]} 7. O-O {
[%clk 00:07:00]  [%emt 00:00:05]} 7... Nf6 {[%clk 00:06:39]  [%emt 00:00:09]}
8. Re1 {[%clk 00:07:01]} 8... O-O {[%clk 00:06:30]  [%emt 00:00:10]} 9. Qa4 {
[%clk 00:07:02]} 9... Bd7 {[%clk 00:06:30]  [%emt 00:00:10]} 10. Qa5 {
[%clk 00:06:55]  [%emt 00:00:05]} 10... c5 {[%clk 00:06:20]  [%emt 00:00:13]}
11. dxc5 {[%clk 00:06:47]  [%emt 00:00:11]} 11... Bc6 {
[%clk 00:06:03]  [%emt 00:00:19]} 12. Nbd2 {[%clk 00:06:38]  [%emt 00:00:13]}
12... Nd7 {[%clk 00:06:02]  [%emt 00:00:06]} 13. cxd6 {
[%clk 00:06:36]  [%emt 00:00:06]} 13... exd6 {[%clk 00:06:02]  [%emt 00:00:05]}
14. Nb3 {[%clk 00:05:46]  [%emt 00:00:47]} 14... Re8 {
[%clk 00:05:59]  [%emt 00:00:06]} 15. Bg5 {[%clk 00:05:45]  [%emt 00:00:06]}
15... f6 {[%clk 00:05:50]  [%emt 00:00:11]} 16. Nbd4 {
[%clk 00:05:34]  [%emt 00:00:18]} 16... Bb7 {[%clk 00:05:37]  [%emt 00:00:12]}
17. Bf4 {[%clk 00:05:10]  [%emt 00:00:26]} 17... Nc5 {
[%clk 00:05:01]  [%emt 00:00:40]} 18. Qb4 {[%clk 00:05:11]  [%emt 00:00:06]}
18... Bxe4 {[%clk 00:04:51]  [%emt 00:00:11]} 19. Qc4+ {
[%clk 00:05:11]  [%emt 00:00:05]} 19... Kh8 {[%clk 00:04:47]  [%emt 00:00:06]}
20. Nd2 {[%clk 00:05:02]  [%emt 00:00:09]} 20... Bd3 {
[%clk 00:04:13]  [%emt 00:00:37]} 21. Qd5 {[%clk 00:04:50]  [%emt 00:00:15]}
21... f5 {[%clk 00:02:33]  [%emt 00:01:45]} 22. f3 {
[%clk 00:04:21]  [%emt 00:00:33]} 22... Bb5 {[%clk 00:02:24]  [%emt 00:00:09]}
23. Nxb5 {[%clk 00:03:16]  [%emt 00:01:07]} 23... axb5 {[%clk 00:02:26]} 24.
Be3 {[%clk 00:03:17]  [%emt 00:00:07]} 24... Nd7 {
[%clk 00:02:19]  [%emt 00:00:09]} 25. Bd4 {[%clk 00:03:08]  [%emt 00:00:11]}
25... Nf6 {[%clk 00:02:21]} 26. Qxb5 {[%clk 00:02:56]  [%emt 00:00:16]} 26...
Rb8 {[%clk 00:01:57]  [%emt 00:00:27]} 27. Qc6 {[%clk 00:02:57]} 27... Re7 {
[%clk 00:00:38]  [%emt 00:01:23]} 28. b3 {[%clk 00:02:49]  [%emt 00:00:11]}
28... Qf8 {[%clk 00:00:38]  [%emt 00:00:05]} 29. Nf1 {
[%clk 00:02:12]  [%emt 00:00:38]} 29... Rbe8 {[%clk 00:00:39]} 30. Bf2 {
[%clk 00:02:13]  [%emt 00:00:06]} 30... Nd7 {[%clk 00:00:16]  [%emt 00:00:24]}
31. Rxe7 {[%clk 00:02:07]  [%emt 00:00:09]} 31... Rxe7 {
[%clk 00:00:16]  [%emt 00:00:06]} 32. Qxc7 {[%clk 00:02:04]  [%emt 00:00:05]}
32... Be5 {[%clk 00:00:16]  [%emt 00:00:09]} 33. Qc4 {
[%clk 00:01:59]  [%emt 00:00:04]} 33... Qe8 {[%clk 00:00:15]  [%emt 00:00:05]}
34. Rd1 {[%clk 00:01:50]  [%emt 00:00:06]} 34... Nf6 {
[%clk 00:00:06]  [%emt 00:00:12]} 35. Qd3 {[%clk 00:01:46]  [%emt 00:00:07]}
35... d5 {[%clk 00:00:08]  [%emt 00:00:06]} 36. Bd4 {
[%clk 00:01:32]  [%emt 00:00:34]} 36... Qb8 {[%clk 00:00:10]} 37. Ne3 {
[%clk 00:01:30]} 37... Bxh2+ {[%clk 00:00:11]} 38. Kf1 {[%clk 00:01:21]} 38...
Be5 {[%clk 00:00:12]  [%emt 00:00:05]} 39. Bxe5 {
[%clk 00:01:07]  [%emt 00:00:13]} 39... Qxe5 {[%clk 00:00:14]  [%emt 00:00:06]}
40. Re1 {[%clk 00:01:09]} 40... Qh2 {[%clk 00:00:14]  [%emt 00:00:05]} 41. Qd4
{[%clk 00:01:08]} 41... Re6 {[%clk 00:00:13]  [%emt 00:00:06]} 42. Kf2 {
[%clk 00:01:06]  [%emt 00:00:05]} 42... Kg8 {[%clk 00:00:13]} 43. Nxd5 {
[%clk 00:01:01]  [%emt 00:00:10]} 43... Rxe1 {[%clk 00:00:11]  [%emt 00:00:05]}
44. Nxf6+ {[%clk 00:00:59]  [%emt 00:00:04]} 44... Kf7 {[%clk 00:00:13]} 45.
Kxe1 {[%clk 00:01:00]  [%emt 00:00:05]} 45... Qxg2 {
[%clk 00:00:10]  [%emt 00:00:05]} 46. Nd5 {[%clk 00:00:52]  [%emt 00:00:08]}
46... Qg3+ {[%clk 00:00:10]  [%emt 00:00:05]} 47. Kd2 {
[%clk 00:00:50]  [%emt 00:00:05]} 47... Qg2+ {[%clk 00:00:09]  [%emt 00:00:05]}
48. Kc1 {[%clk 00:00:52]} 48... Qf1+ {[%clk 00:00:11]} 49. Kb2 {
[%clk 00:00:49]  [%emt 00:00:09]} 49... Qe2+ {[%clk 00:00:11]} 50. Ka3 {
[%clk 00:00:51]} 50... Qa6+ {[%clk 00:00:13]  [%emt 00:00:05]} 51. Kb4 {
[%clk 00:00:53]} 51... Qb7+ {[%clk 00:00:11]  [%emt 00:00:05]} 52. Nb6 {
[%clk 00:00:53]} 52... Qe7+ {[%clk 00:00:12]  [%emt 00:00:04]} 53. Qc5 {
[%clk 00:00:53]} 53... Qe2 {[%clk 00:00:08]  [%emt 00:00:09]} 54. Qc4+ {
[%clk 00:00:54]  [%emt 00:00:04]} 1-0

[Event "II Magistral Blitz Quart"]
[Site "Quart de Poblet, Spain"]
[Date "2019.08.08"]
[Round "6.2"]
[White "Hassomal Daswani, Birjkumar"]
[Black "Ordonez Carrasco, Jorge"]
[Result "1-0"]
[WhiteElo "1971"]
[BlackElo "1559"]
[PlyCount "107"]
[EventDate "2019.??.??"]

1. e4 {[%clk 00:07:05]} 1... c5 {[%clk 00:07:06]} 2. Nc3 {[%clk 00:07:06]} 2...
Nc6 {[%clk 00:07:07]  [%emt 00:00:06]} 3. f4 {[%clk 00:07:07]} 3... d6 {
[%clk 00:07:09]} 4. Bb5 {[%clk 00:07:08]} 4... g6 {
[%clk 00:07:09]  [%emt 00:00:04]} 5. Bxc6+ {[%clk 00:07:09]  [%emt 00:00:04]}
5... bxc6 {[%clk 00:07:11]} 6. Nf3 {[%clk 00:07:11]} 6... Bg7 {[%clk 00:07:13]}
7. d3 {[%clk 00:07:13]  [%emt 00:00:04]} 7... Nf6 {
[%clk 00:07:12]  [%emt 00:00:09]} 8. O-O {[%clk 00:07:13]} 8... O-O {
[%clk 00:07:12]} 9. Qe1 {[%clk 00:07:14]} 9... Bg4 {
[%clk 00:07:07]  [%emt 00:00:17]} 10. Qh4 {[%clk 00:07:15]} 10... Bxf3 {
[%clk 00:07:08]} 11. Rxf3 {[%clk 00:07:16]} 11... e6 {
[%clk 00:06:44]  [%emt 00:00:23]} 12. f5 {[%clk 00:07:11]  [%emt 00:00:06]}
12... Nd7 {[%clk 00:06:28]  [%emt 00:00:19]} 13. Qh3 {
[%clk 00:06:16]  [%emt 00:00:58]} 13... Ne5 {[%emt 00:00:53]} 14. Rg3 exf5 {
[%clk 00:05:37]} 15. exf5 {[%clk 00:06:16]  [%emt 00:00:08]} 15... Qd7 {
[%clk 00:05:13]  [%emt 00:00:23]} 16. fxg6 {[%clk 00:05:48]  [%emt 00:00:55]}
16... fxg6 {[%clk 00:05:04]  [%emt 00:00:04]} 17. Qxd7 {
[%clk 00:05:28]  [%emt 00:00:07]} 17... Nxd7 {[%clk 00:05:05]  [%emt 00:00:06]}
18. Bd2 {[%clk 00:05:26]  [%emt 00:00:07]} 18... Rab8 {
[%clk 00:04:53]  [%emt 00:00:12]} 19. b3 {[%clk 00:05:22]  [%emt 00:00:05]}
19... Rbe8 {[%clk 00:04:50]  [%emt 00:00:23]} 20. Rf1 {
[%clk 00:05:04]  [%emt 00:00:05]} 20... d5 {[%clk 00:04:27]  [%emt 00:00:24]}
21. Rgf3 {[%clk 00:04:39]  [%emt 00:00:28]} 21... Rxf3 {
[%clk 00:04:15]  [%emt 00:00:53]} 22. Rxf3 {[%clk 00:04:41]} 22... Bd4+ {
[%clk 00:03:47]} 23. Kf1 {[%clk 00:04:41]} 23... Ne5 {
[%clk 00:03:42]  [%emt 00:00:07]} 24. Rf4 {[%clk 00:04:13]  [%emt 00:00:33]}
24... Nd7 {[%clk 00:03:13]  [%emt 00:00:27]} 25. Ne2 {
[%clk 00:04:03]  [%emt 00:00:21]} 25... Be5 {[%clk 00:02:57]  [%emt 00:00:12]}
26. Rf3 {[%clk 00:03:55]  [%emt 00:00:18]} 26... Kg7 {
[%clk 00:02:50]  [%emt 00:00:06]} 27. g3 {[%clk 00:03:28]  [%emt 00:00:34]}
27... Nf6 {[%clk 00:02:37]  [%emt 00:00:10]} 28. h3 {
[%clk 00:03:27]  [%emt 00:00:40]} 28... Bd6 {[%clk 00:02:19]} 29. Bg5 {
[%clk 00:03:20]} 29... Nd7 {[%clk 00:02:08]  [%emt 00:00:15]} 30. Nc3 {
[%clk 00:02:50]  [%emt 00:00:27]} 30... h6 {[%clk 00:01:59]  [%emt 00:00:12]}
31. Bd2 {[%clk 00:02:37]  [%emt 00:00:19]} 31... Ne5 {
[%clk 00:01:41]  [%emt 00:00:36]} 32. Rf2 {[%clk 00:02:38]} 32... Nd7 {
[%clk 00:01:39]} 33. Kg2 {[%clk 00:02:38]} 33... Nf6 {
[%clk 00:01:35]  [%emt 00:00:23]} 34. Bxh6+ {[%clk 00:02:35]} 34... Kf7 {
[%clk 00:01:21]  [%emt 00:00:06]} 35. Bg5 {[%clk 00:02:35]} 35... Re6 {
[%clk 00:01:13]  [%emt 00:00:07]} 36. Bxf6 {[%clk 00:02:32]  [%emt 00:00:24]}
36... Rxf6 {[%clk 00:01:15]} 37. Rxf6+ {[%clk 00:02:33]  [%emt 00:00:12]} 37...
Kxf6 {[%clk 00:01:17]} 38. Kf3 {[%clk 00:02:33]} 38... Kf5 {[%clk 00:01:19]}
39. Nd1 {[%clk 00:02:24]} 39... Kf6 {[%clk 00:01:08]  [%emt 00:00:25]} 40. c4 {
[%clk 00:02:12]} 40... Ke6 {[%clk 00:00:58]  [%emt 00:00:19]} 41. h4 {
[%clk 00:02:02]  [%emt 00:00:03]} 41... a6 {[%clk 00:00:43]  [%emt 00:00:16]}
42. g4 {[%clk 00:01:48]  [%emt 00:00:17]} 42... Be7 {
[%clk 00:00:35]  [%emt 00:00:14]} 43. h5 {[%clk 00:01:44]  [%emt 00:00:06]}
43... gxh5 {[%clk 00:00:36]} 44. gxh5 {[%clk 00:01:46]  [%emt 00:00:03]} 44...
d4 {[%clk 00:00:34]  [%emt 00:00:05]} 45. Kg4 {[%clk 00:01:47]  [%emt 00:00:04]
} 45... Kf6 {[%clk 00:00:33]  [%emt 00:00:04]} 46. Nf2 {[%clk 00:01:48]} 46...
Bf8 {[%clk 00:00:32]  [%emt 00:00:07]} 47. Ne4+ {
[%clk 00:01:47]  [%emt 00:00:04]} 47... Kg7 {[%clk 00:00:33]} 48. Ng5 {
[%clk 00:01:38]  [%emt 00:00:16]} 48... Kh6 {[%clk 00:00:24]  [%emt 00:00:05]}
49. Nf7+ {[%clk 00:01:34]  [%emt 00:00:05]} 49... Kg7 {
[%clk 00:00:23]  [%emt 00:00:14]} 50. Nd8 {[%clk 00:01:36]} 50... Bd6 {
[%clk 00:00:18]  [%emt 00:00:16]} 51. Nxc6 {[%clk 00:01:36]} 51... Kf6 {
[%clk 00:00:19]} 52. a3 {[%clk 00:01:31]} 52... Kf7 {
[%clk 00:00:11]  [%emt 00:00:08]} 53. b4 {[%clk 00:01:22]  [%emt 00:00:36]}
53... Bf8 {[%emt 00:00:03]} 54. Kf5 {[%emt 00:00:11]  Bandera} 1-0